01420nab a22002537a 4500999001500000003000400015005001700019008004100036040000700077100003100084245011900115260007300234300001500307500007500322505039500397505008900792650002600881650002000907650001900927650002800946650003700974773014201011942001301153 c6369d6369OSt20260131210208.0190603e xxum|||| |||| 00| 0 spa d cPJ 97016aCaliri, José Luis 10aConstitución de derechos reales de goce bajo modalidades suspensivas del acto jurídico /cJosé Luis Caliri.  cCiudad Autónoma de Buenos Aires :aThomson Reuters La Ley, b2025. ap. 271-284 aCita: TR LALEY AR/DOC/2864/2025 Publicado en: RCCyC 2025 (Diciembre). aSumario: I. Introducción.— II. El art. 2136 del Cód. Civ. y Com. Prohibición de establecer plazos o condiciones suspensivos en el contrato constitutivo de usufructo, uso o habitación. Fundamentos.— III. Antecedentes del art. 2136: Cód. Civil derogado y Proyecto de 1998.— IV. El principio de la buena fe en la constitución de los derechos reales de goce.— V. Colofón.  t¿Te interesa el texto completo? Solicitalo al correo: koha@justierradelfuego.gov.ar 0aDERECHOS REALES91821 0aUSUFRUCTO95462 0aBUENA FE94707 0aABUSO DEL DERECHO92522 0aDERECHO REAL DE USO Y HABITACION0 0271393170dCiudad Autónoma de Buenos Aires : Thomson Reuters La Ley, 2015-tRevista Código Civil y Comercial. Nº 6 - Diciembre 2025 2udccANA